<The> University graduates on the labour market

Vývoj univerzít na Slovensku. Registrácia absolventov na Úrade práce, sociálnych vecí a rodiny. Vývoj počtu registrovaných absolventov.

Guardado en:
Detalles Bibliográficos
Autor principal: Bačová, Monika
Formato: Capítulo de libro
Lenguaje:inglés
Materias:
Etiquetas: Agregar Etiqueta
Sin Etiquetas, Sea el primero en etiquetar este registro!

MARC

LEADER 00000naa a2200000 4500
001 0213271
005 20240502073542.5
041 0 |a eng 
044 |a SK 
245 1 0 |a <The> University graduates on the labour market  |c Monika Bačová 
520 |a Vývoj univerzít na Slovensku. Registrácia absolventov na Úrade práce, sociálnych vecí a rodiny. Vývoj počtu registrovaných absolventov. 
610 2 0 |a univerzity 
610 2 0 |a absolventi 
610 2 0 |a nezamestnaní 
610 2 0 |a trh práce 
100 1 |a Bačová, Monika